[Event "Loire-ch op 0405"]
[Site "Loire"]
[Date "2004.10.16"]
[Round "1"]
[White "Megnot, Philippe"]
[Black "Rogues, Jean Luc"]
[Result "1-0"]
[WhiteElo "1390"]
[BlackElo "1600"]
[PlyCount "43"]
[EventDate "2004.10.16"]
[EventType "swiss"]
[EventRounds "9"]
[EventCountry "FRA"]
[SourceTitle "EXT 2008"]
[Source "ChessBase"]
[SourceDate "2007.11.25"]
[SourceVersion "1"]
[SourceVersionDate "2007.11.25"]
[SourceQuality "1"]

1. e4 e5 2. Nf3 Nc6 3. Bb5 Bc5 4. d3 Nge7 5. Bg5 0-0 6. Bxc6 f6 7. Bh4 Nxc6 8. Nc3 d6 9. h3 Bd7 10. Nd5 Be6 11. 0-0 Bxd5 12. exd5 Ne7 13. c4 Nf5 14. a3 Qd7 15. Kh1 Bd4 16. Rb1 c6 17. dxc6 Qxc6 18. Re1 Qb6 19. b4 Nxh4 20. Nxh4 Bxf2 21. Re4 d5 22. cxd5 1-0